000
00313nam a2200109Ia 4500
008
210430s9999 xx 000 0 und d
082
_a
620.1127 H4741H
100
_a
Hellier, Charles J.
_9
54668
245
_a
Handbook of Nondestructive Evaluation 2nd
_c
Hellier, Charles J.
300
_a
13.40p.
942
_c
REF
_2
ddc
999
_c
565312
_d
565312